| 000 | 02882nam0a2200433 4500 | ||
|---|---|---|---|
| 001 | RU\NLR\BIBL_A\022240496 | ||
| 005 | 20241203115226.0 | ||
| 010 |
_a5-94356-138-2 _9500 |
||
| 035 | _a(NLR Aleph) 022240496 | ||
| 090 |
_a13158844 _c13158844 |
||
| 100 | _a20240603d2003 k y0rusy50 ca | ||
| 101 | 0 | _arus | |
| 102 | _aRU | ||
| 105 | _aac||z|||010yy | ||
| 181 | 0 |
_ai _baxxe |
|
| 182 | 0 | _an | |
| 200 | 1 |
_aПушкин в XXI веке: вопросы поэтики, онтологии, историцизма _eсборник статей к 80-летию профессора Ю. Н. Чумакова _eна основе материалов конференции, май 2002 г. _fРоссийская академия наук, Сибирское отделение, Институт филологии, Новсибирский государственный педагогический университет _gответственный редактор Т. И. Печерская |
|
| 203 |
_aТекст _bвизуальный _cнепосредственный |
||
| 210 |
_aНовосибирск _cНГУ _d2003 |
||
| 215 |
_a247 с., [1] л. портр. _cил. _d26 |
||
| 316 |
_aЭкз РНБ (2024-7/2870) с экслибрисом на тит. с.: овальный штамп "Дар Санкт-Петербургского Фонда музея Иосифа Бродского. Из книг В. Полухиной и Д. Уайссборта" _5NLR: 2024-7/2870 |
||
| 600 | 1 |
_aПушкин _bА.С. _f1799 - 1837 _gАлександр Сергеевич _jСборники _91155086 _3RU\NLR\AUTH\66143362 |
|
| 600 | 1 |
_aЧумаков _bЮ. Н. _f1922 _gЮрий Николаевич _92433535 _3RU\NLR\AUTH\661448280 |
|
| 686 | 2 | _aШ5(2=Р)51-4Пушкин.я434 | |
| 686 | 2 | _aШ4г(2)7дЧумаков | |
| 702 | 1 |
_aПечерская _bТ. И. _4340 |
|
| 702 | 1 |
_aПолухина _bВ. _gВалентина _4390 |
|
| 702 | 1 |
_4390 _7ca _8rus _aУайссборт _bД. _f1935-2013 _gДэниел _92708358 _3RU\NLR\AUTH\770274560 |
|
| 711 | 1 | 2 |
_a"Пушкин в XXI веке: вопросы поэтики, онтологии, историцизма", всероссийская научная конференция _eНовосибирск _f2002 _9883417 _3RU\NLR\AUTH\880611566 |
| 712 | 0 | 2 |
_4320 _aСанкт-Петербургский региональный фонд создания музея Иосифа Бродского _9443019 _3RU\NLR\AUTH\880388475 |
| 712 | 0 | 2 |
_4570 _aИнститут филологии _cНовосибирск _9278403 _3RU\NLR\AUTH\883552 |
| 942 | _cBOOK | ||
| 980 | _aNB | ||